AAT Restaurant Cruvinet Red Wines Quiz Stats

Quiz not verified by Sporcle

Challenge
Share
Tweet
Score 0/6 Timer 20:00
0 Plays Today
% Correct
1 (lightest)
75%
2
75%
3
75%
4
75%
5
50%
6 (fullest)
25%

You're not logged in!

Compare scores with friends on all Sporcle quizzes.
Join for Free
OR
Log In

You Might Also Like...

Show Comments

Extras

Created Jun 4, 2013ReportNominate
Tags:Clickable Quiz, red, wine

Top Quizzes Today


Score Distribution

Your Account Isn't Verified!

In order to create a playlist on Sporcle, you need to verify the email address you used during registration. Go to your Sporcle Settings to finish the process.

Report this User

Report this user for behavior that violates our Community Guidelines.

Details: